Tolerancia Cero. Estudio interdisciplinar sobre la prevención de los abusos en la Iglesia

Kaydedildi:
Detaylı Bibliyografya
Yazar: Trevizo Portillo, Daniel (autor y coordinador)
Diğer Yazarlar: Zollner, Hans (autor), Martínez, Alejandra (autora), Rinaldi, Ángela (autora), Tapia Bahena, Toribio (autor), Cano Castillo, Antonio (autor), Aguiñaga, Jesús Ma (autor), Flores Ramos, Mario Ángel (autor), Medina Balaam, Mario (autor), Merlos Arroyo, Francisco (autor), Cerra, José Luis (autor)
Materyal Türü: Kitap
Dil:İngilizce
Baskı/Yayın Bilgisi: Ciudad de México, México: PPC, 2019
Edisyon:Primera edición en México
Konular:
Etiketler: Etiketle
Etiket eklenmemiş, İlk siz ekleyin!

MARC

LEADER 00000nam a22000007a 4500
003 CL-VaPUC
005 20220718115501.0
008 220420b2019 ||||| |||| 00| 0 eng d
999 |c 435461  |d 435459 
020 |a 978-607-8596-68-3 
040 |c Pontificia Universidad Católica de Valparaíso 
082 0 4 |2 22  |a 364.153 TRE 2019 
100 1 |a Trevizo Portillo, Daniel  |e autor y coordinador  |9 868648 
245 1 0 |a Tolerancia Cero.  |b Estudio interdisciplinar sobre la prevención de los abusos en la Iglesia 
250 |a Primera edición en México 
260 |a Ciudad de México, México:  |b PPC,  |c 2019 
300 |a 216 páginas 
500 |a C1. Donación Padre Cristian Eichin. Correo en papel 28/03/2022 
583 |c 20220420  |k Catalogador Asistente 
650 1 |a Abusos sexuales a menores  |x Iglesia Católica  |9 871972 
650 1 |a Victimas de delitos  |x Prevención de abusos  |x Iglesia Católica  |9 871973 
700 |a Zollner, Hans   |e autor  |9 868649 
700 |a Martínez, Alejandra  |e autora  |9 868650 
700 |a Rinaldi, Ángela  |e autora  |9 868651 
700 |a Tapia Bahena, Toribio  |9 558401  |e autor 
700 |a Cano Castillo, Antonio  |e autor  |9 868652 
700 |a Aguiñaga, Jesús Ma  |e autor  |9 868653 
700 |a Flores Ramos, Mario Ángel  |e autor  |9 868654 
700 |a Medina Balaam, Mario  |e autor  |9 868655 
700 |a Merlos Arroyo, Francisco  |e autor  |9 868656 
700 |a Cerra, José Luis  |e autor  |9 868657 
942 |2 ddc  |c BK 
952 |0 0  |1 0  |2 ddc  |4 0  |6 364_153000000000000_TRE_2019  |7 0  |8 A  |9 582723  |a BIBTEO  |b BIBTEO  |c GEN  |d 2022-04-20  |e Donación  |i 5650883  |o 364.153 TRE 2019  |p 5650883  |r 2025-01-17  |t 1  |w 2022-04-20  |y BK  |k ICR